| 000 | 00400nam a2200133Ia 4500 | ||
|---|---|---|---|
| 008 | 220216s9999 xx 000 0 und d | ||
| 100 | _aBauer R F | ||
| 245 | 2 | _aA Two-step emulsion polymerization process catalyzed by an organic diperoxide | |
| 260 |
_bRubber Chemistry and Technology _c2004 |
||
| 300 | _a776-790 | ||
| 650 | _aEmulsion polymerization | ||
| 650 | _aOrganic diperoxide | ||
| 942 | _cJS | ||
| 999 |
_c53675 _d53675 |
||